Clashing views on abnormal psychology : (Record no. 19824)

MARC details
000 -LEADER
fixed length control field 01254cam a2200313 a 4500
001 - CONTROL NUMBER
control field 1656378
003 - CONTROL NUMBER IDENTIFIER
control field OSt
005 - DATE AND TIME OF LATEST TRANSACTION
control field 20211123152051.0
008 - FIXED-LENGTH DATA ELEMENTS--GENERAL INFORMATION
fixed length control field 970724s1998 ctu b 001 0 eng d
010 ## - LIBRARY OF CONGRESS CONTROL NUMBER
LC control number 97068714
020 ## - INTERNATIONAL STANDARD BOOK NUMBER
International Standard Book Number 0072895454
035 ## - SYSTEM CONTROL NUMBER
System control number (OCoLC)38344405
040 ## - CATALOGING SOURCE
Original cataloging agency MeBC
Transcribing agency HU
Modifying agency DLC
042 ## - AUTHENTICATION CODE
Authentication code lccopycat
050 00 - LIBRARY OF CONGRESS CALL NUMBER
Classification number RC454
Item number .N643 1998
082 00 - DEWEY DECIMAL CLASSIFICATION NUMBER
Classification number 616.89
Edition number 21
100 1# - MAIN ENTRY--PERSONAL NAME
Personal name Nolen-Hoeksema, Susan,
Dates associated with a name 1959-2013.
9 (RLIN) 5583
245 10 - TITLE STATEMENT
Title Clashing views on abnormal psychology :
Remainder of title a taking sides custom reader / Susan Nolen-Hoeksema.
250 ## - EDITION STATEMENT
Edition statement 1st ed.
260 ## - PUBLICATION, DISTRIBUTION, ETC.
Place of publication, distribution, etc. Guilford, Ct. :
Name of publisher, distributor, etc. Dushkin/McGraw-Hill,
Date of publication, distribution, etc. c1998.
300 ## - PHYSICAL DESCRIPTION
Extent xi, 272 p. :
Other physical details ill. ;
Dimensions 24 cm.
500 ## - GENERAL NOTE
General note A compilation of works of leading psychologists, sociologists and health care professionals expressing views on 12 mental health issues in a pro/con format.
500 ## - GENERAL NOTE
General note "This debate-style reader accompanies Abnormal psychology by [author]"--P. 4 of cover.
504 ## - BIBLIOGRAPHY, ETC. NOTE
Bibliography, etc. note Includes bibliographical references and index.
650 #0 - SUBJECT ADDED ENTRY--TOPICAL TERM
Topical term or geographic name entry element Psychology, Pathological.
9 (RLIN) 5410
906 ## - LOCAL DATA ELEMENT F, LDF (RLIN)
a 7
b cbc
c copycat
d 2
e opcn
f 19
g y-gencatlg
942 ## - ADDED ENTRY ELEMENTS (KOHA)
Source of classification or shelving scheme Dewey Decimal Classification
Koha item type Books like text book referance book
Suppress in OPAC No
Holdings
Withdrawn status Lost status Source of classification or shelving scheme Damaged status Not for loan Collection code Home library Current library Shelving location Date acquired Total Checkouts Full call number Barcode Date last seen Copy number Price effective from Koha item type
    Dewey Decimal Classification     Reference Wondo Genet Library Wondo Genet Library General Stacks 11/23/2021   616.89 NOL 1998 WGCFNRL00006789 11/23/2021 1 11/23/2021 Books like text book referance book
    Dewey Decimal Classification     Reference Wondo Genet Library Wondo Genet Library General Stacks 11/23/2021   616.89 NOL 1998 WGCFNRL00006790 11/23/2021 2 11/23/2021 Books like text book referance book
    Dewey Decimal Classification     Reference Wondo Genet Library Wondo Genet Library General Stacks 11/23/2021   616.89 NOL 1998 WGCFNRL00006791 11/23/2021 3 11/23/2021 Books like text book referance book
    Dewey Decimal Classification     Reference Wondo Genet Library Wondo Genet Library General Stacks 11/23/2021   616.89 NOL 1998 WGCFNRL00006792 11/23/2021 4 11/23/2021 Books like text book referance book